[Event "FIDE Chesscom Online Nations Cup"]
[White "Koneru, Humpy"]
[Black "Muzychuk, Mariya"]
[Site "Online"]
[Round "2"]
[Annotator "TA"]
[Result "1/2-1/2"]
[Date "2020.05.05"]
[WhiteElo "2483"]
[BlackElo "2506"]
[PlyCount "53"]

1. d4 {} d5 2. c4 c6 3. Nf3 Nf6 4. e3 Bg4 5. h3 Bxf3 6. Qxf3 e6 7. Bd3 Nbd7 8. 0-0 Bd6 9. Nd2 {is the legacy move
(9.Nc3).} 0-0 10. e4 {D11: Slav Defence: 3 Nf3 sidelines and 3...Nf6 4 e3 Bg4.} e5 11. exd5 cxd5 12. cxd5 exd4 13. Ne4 Be5 (13... Qe7 $11 )14. Bg5 $14 {[#]} h6 $146 ({Black should play} 14... Qb6 $14 )({Predecessor:} 14... Qb6 15. d6 Nxe4 16. Qxe4 g6 17. Be7 Rfc8 18. Qg4 Nf6 19. Qg5 Nd7 20. Bf5 Rc5 {1/2-1/2 (66)
Demianjuk,A (2312)-Baraeva,M (2170) Voronezh 2011} )15. Bxf6 $1 $16 Nxf6 16. Qf5 {White wants to mate with Nxf6+.} Re8 17. Nxf6+ (17. f4 $1 $18 {} g6 18. fxe5 gxf5 19. Nxf6+ Kg7 20. Nxe8+ Qxe8 21. Rxf5 )Qxf6 (17... Bxf6 $16 18. Qh7+ Kf8 )18. Qh7+ $18 Kf8 19. f4 Bxf4 20. Rxf4 Qxf4 {[#]} 21. Qh8+ $2 (21. d6 $1 $18 {} Qxd6 22. Qh8+ Ke7 23. Re1+ Kd7 24. Rxe8 Rxe8 25. Bb5+ { Skewer} Kc7 26. Qxe8 )Ke7 $11 {The position is
equal.} 22. Re1+ {[#]} Kf6 $1 23. Rxe8 {Hoping for Bf1.} Qc1+ 24. Kh2 Qf4+ 25. Kg1 {Bf1 is the strong threat.} Qc1+ 26. Kh2 {Strongly threatening d6.} Qf4+ 27. Kg1 {Black escapes into a draw. Accuracy: White = 86%, Black = 58%.} 1/2-1/2

[Event "FIDE Chesscom Online Nations Cup"]
[White "Krush, Irina"]
[Black "Goryachkina, Aleksandra"]
[Site "Online"]
[Round "2"]
[Annotator "TA"]
[Result "1/2-1/2"]
[Date "2020.05.05"]
[WhiteElo "2392"]
[BlackElo "2502"]
[PlyCount "87"]

1. d4 {} d5 2. c4 e6 3. Nc3 Nf6 4. cxd5 exd5 5. Bg5 c6 6. e3 h6 {D35: Queen's Gambit Declined: Exchange Variation.} 7. Bf4 Bf5 8. h3 Bd6 9. Nge2 0-0 {[#]} 10. Bxd6 $146 ({Predecessor:} 10. g4 Bxf4 11. Nxf4 Bh7 12. Bd3 Bxd3 13. Nxd3 Ne4 14. Nxe4 dxe4 15. Nf4 Na6 16. Qb3 {
1-0 (55) Marusenko,P (2154)-Wilson,M (1817) Cardiff 2019} )Qxd6 11. Nf4 Re8 {Threatens to win with ...Qxf4.} 12. Be2 Nbd7 13. 0-0 Ne4 14. Nxe4 Bxe4 15. Qd2 a5 16. Rac1 Qb4 17. Rc3 a4 18. a3 Qb6 19. Rfc1 Nf6 20. Nd3 Bxd3 21. Bxd3 Ne4 22. Bxe4 $1 Rxe4 23. b4 axb3 24. Qb2 Ra7 25. Rxb3 Qc7 26. a4 Re7 27. Rb4 h5 28. Rb1 g6 29. h4 Rd7 30. g3 Qd8 31. Qe2 Qe7 32. Qf3 Qd6 33. Kg2 Kg7 34. Qe2 Qe6 35. Qc2 Qe7 36. Qe2 {[#]} (36. R1b2 $11 {remains equal.} )Qe4+ ({
Better is} 36... Rxa4 $1 $17 {} 37. Rxa4 Qe4+ { Double
Attack} 38. Qf3 Qxb1 )37. Qf3 $11 {The position is equal.} Qxf3+ 38. Kxf3 {
 Endgame KRR-KRR} Re7 39. Rb6 Kf6 40. a5 Rxa5 41. Rxb7 Rxb7 42. Rxb7 Ra2 43. Rc7 Rc2 44. Rb7 {Accuracy: White = 93%, Black = 97%.} 1/2-1/2